000 00474nam a2200133 a 4500
008 120416s1977 ||||||||||||||||| || u
050 _aT 57.62 Poo
100 _aPoole, T. G
245 1 0 _aUsing simulation to solve problems
260 _aLondon
_bMcGraw-Hill
_c[1977]
300 _ax, 333p. : ill.
350 _a0.00
995 _D0.00
_FCBU-MAIN LIBRARY (Kitwe)
_H1
_I0.00
_M1
_UAVAILABLE
_ZMain Library Open Access Collection
999 _c61177
_d61177